| 000 | 00641cam a2200253ua 4500 | ||
|---|---|---|---|
| 020 |
_a81-204-0117-4 _c105.00 |
||
| 041 |
_aeng _h |
||
| 082 |
_a630.33 _bACH/AG |
||
| 100 | _aAcharya, S.S . | ||
| 245 |
_aAgricultural marketing in India / _cS.S.Acharya. _hTextual Documents |
||
| 250 |
_a2 / _b. |
||
| 260 |
_aNew Delhi : _bOxford & IBH Publishing company , _c1994. |
||
| 300 | _a403 ; . | ||
| 365 | _a105.00 | ||
| 504 | _a | ||
| 700 | 1 | _aAgarwal, N.L . | |
| 942 | _cBK | ||
| 999 |
_c1703 _d1703 |
||